00431nam a22001337a 4500008004100000020001700041050002200058100001600080245008500096250001200181260005200193300003300245500001900278170209b xxu||||| |||| 00| 0 eng d a971133108948 aQA 37.3 .T36 2013 aTan, Soo T. aApplied mathematics :bfor the managerial, life and social scinces/cSoo T. Tan. a6th ed. aAustralia:bBrooks?col Cengage learning,c2013. axxiv, 941p. :bill. ;c28cm. aInclude index.